| 000 -LEADER |
| fixed length control field |
nam a22 a 4500 |
| 003 - CONTROL NUMBER IDENTIFIER |
| control field |
AKMAL |
| 005 - DATE AND TIME OF LATEST TRANSACTION |
| control field |
20170504103911.0 |
| 008 - FIXED-LENGTH DATA ELEMENTS--GENERAL INFORMATION |
| fixed length control field |
170504s2005 my a e | 000 0 may d |
| 020 ## - INTERNATIONAL STANDARD BOOK NUMBER |
| International Standard Book Number |
9833376606 (kkt.) : |
| Terms of availability |
RM19.00 |
| 039 #9 - LEVEL OF BIBLIOGRAPHIC CONTROL AND CODING DETAIL [OBSOLETE] |
| Level of rules in bibliographic description |
201412091148 |
| Level of effort used to assign nonsubject heading access points |
w_saiful |
| Level of effort used to assign subject headings |
200903311222 |
| Level of effort used to assign classification |
kik3856 |
| Level of effort used to assign subject headings |
200605230955 |
| Level of effort used to assign classification |
fatimah |
| Level of effort used to assign subject headings |
200605230954 |
| Level of effort used to assign classification |
fatimah |
| 040 ## - CATALOGING SOURCE |
| Original cataloging agency |
AKMAL |
| Transcribing agency |
AKMAL |
| 049 ## - LOCAL HOLDINGS (OCLC) |
| Holding library |
klpmal |
| 082 04 - DEWEY DECIMAL CLASSIFICATION NUMBER |
| Classification number |
153.6 KOM |
| Edition number |
22 |
| 090 00 - LOCALLY ASSIGNED LC-TYPE CALL NUMBER (OCLC); LOCAL CALL NUMBER (RLIN) |
| Classification number (OCLC) (R) ; Classification number, CALL (RLIN) (NR) |
153.6 |
| Local cutter number (OCLC) ; Book number/undivided call number, CALL (RLIN) |
KOM |
| 090 20 - LOCALLY ASSIGNED LC-TYPE CALL NUMBER (OCLC); LOCAL CALL NUMBER (RLIN) |
| Classification number (OCLC) (R) ; Classification number, CALL (RLIN) (NR) |
153.6 |
| Local cutter number (OCLC) ; Book number/undivided call number, CALL (RLIN) |
KOM |
| 245 00 - TITLE STATEMENT |
| Title |
Komunikasi kaunseling / |
| Statement of responsibility, etc. |
Shahizan Hasan ... [et al.] |
| 260 ## - PUBLICATION, DISTRIBUTION, ETC. |
| Place of publication, distribution, etc. |
Bentong, Pahang : |
| Name of publisher, distributor, etc. |
PTS Professional Pub., |
| Date of publication, distribution, etc. |
2005 |
| 300 ## - PHYSICAL DESCRIPTION |
| Extent |
viii, 172ms. : |
| Other physical details |
il. ; |
| Dimensions |
23cm. |
| 504 ## - BIBLIOGRAPHY, ETC. NOTE |
| Bibliography, etc. note |
Bibliografi : ms. 167-172 |
| 520 ## - SUMMARY, ETC. |
| Summary, etc. |
Panduan mengurus moraliti, komunikasi interpersonal dan konfilk |
| 650 10 - SUBJECT ADDED ENTRY--TOPICAL TERM |
| Topical term or geographic name entry element |
Interpersonal communication in adolescence |
| 9 (RLIN) |
1164 |
| 650 20 - SUBJECT ADDED ENTRY--TOPICAL TERM |
| Topical term or geographic name entry element |
Teenagers |
| General subdivision |
Counseling of |
| 9 (RLIN) |
1188 |
| 650 20 - SUBJECT ADDED ENTRY--TOPICAL TERM |
| Topical term or geographic name entry element |
Counseling |
| 9 (RLIN) |
1027 |
| 650 20 - SUBJECT ADDED ENTRY--TOPICAL TERM |
| Topical term or geographic name entry element |
Educational counseling |
| 9 (RLIN) |
1189 |
| 650 20 - SUBJECT ADDED ENTRY--TOPICAL TERM |
| Topical term or geographic name entry element |
Adolescent psychology |
| 9 (RLIN) |
1165 |
| 700 0# - ADDED ENTRY--PERSONAL NAME |
| Personal name |
Shahizan Hasan |
| 9 (RLIN) |
1163 |
| 942 ## - ADDED ENTRY ELEMENTS (KOHA) |
| Source of classification or shelving scheme |
|
| Koha item type |
Book |